[Event "Northumbria Masters IM"]
[Site "Newcastle"]
[Date "2021.08.30"]
[Round "8.2"]
[White "Grieve, Harry"]
[Black "Large, Peter G"]
[Result "1-0"]
[WhiteElo "2282"]
[BlackElo "2335"]
[PlyCount "137"]
[EventDate "2021.08.26"]
[EventType "tourn"]
[EventRounds "9"]
[EventCountry "ENG"]
[EventCategory "2"]
[SourceTitle "The Week in Chess 1399"]
[Source "Mark Crowther"]
[SourceDate "2021.08.30"]
[SourceVersion "1"]
[SourceVersionDate "2021.08.30"]
[SourceQuality "2"]

1. e4 e6 2. d4 d5 3. Nd2 Nc6 4. Ngf3 Nf6 5. e5 Nd7 6. Nb3 Be7 7. c3 f6 8. exf6
Bxf6 9. Bb5 O-O 10. Bf4 e5 11. Bxc6 bxc6 12. dxe5 Re8 13. Qd4 Nf8 14. Be3 Be7
15. O-O Ne6 16. Qa4 Qd7 17. Nfd4 Nxd4 18. cxd4 Qe6 19. Qa5 Rb8 20. Qd2 Qg6 21.
Rfc1 Rb6 22. f3 Rf8 23. Qf2 h5 24. Kh1 h4 25. h3 Qh5 26. Kh2 c5 27. dxc5 Rg6
28. f4 Bf5 29. Nd2 c6 30. Rc3 Bd8 31. b4 Bc7 32. Bd4 Qh6 33. Rf1 Kh7 34. Ra3
Bb8 35. Kh1 Kg8 36. Kh2 Kh7 37. Kh1 Kg8 38. Rc3 Bc8 39. Rf3 Bf5 40. Kh2 Qh5 41.
Qe3 Kh7 42. Rg1 Re8 43. Qf2 Rh6 44. Re3 g5 45. fxg5 Qxg5 46. Kh1 Qh5 47. Qe2
Qg6 48. Rf1 Rh5 49. Rf4 Bc7 50. Ra3 Bd8 51. Rxa7+ Kg8 52. Qf2 Be6 53. Ra8 Be7
54. Rxe8+ Qxe8 55. Nf3 Kg7 56. Nxh4 Bg5 57. Nf5+ Kg6 58. Ng3 Rh8 59. Rf3 Qd7
60. Kg1 Rh4 61. Be3 Be7 62. Rf6+ Kg7 63. Nf5+ Bxf5 64. Qxh4 Bxf6 65. Qxf6+ Kg8
66. b5 cxb5 67. Bh6 Be4 68. e6 Qa7 69. Qf8+ 1-0

[Event "Northumbria Masters IM"]
[Site "Newcastle"]
[Date "2021.08.30"]
[Round "8.3"]
[White "Willow, Jonah B"]
[Black "McKay, Roderick M"]
[Result "1-0"]
[WhiteElo "2396"]
[BlackElo "2258"]
[PlyCount "37"]
[EventDate "2021.08.26"]
[EventType "tourn"]
[EventRounds "9"]
[EventCountry "ENG"]
[EventCategory "2"]
[SourceTitle "The Week in Chess 1399"]
[Source "Mark Crowther"]
[SourceDate "2021.08.30"]
[SourceVersion "1"]
[SourceVersionDate "2021.08.30"]
[SourceQuality "2"]

1. Nc3 e5 2. Nf3 d6 3. e4 Nf6 4. d4 Nbd7 5. Bc4 h6 6. O-O Be7 7. a4 c6 8. Re1
Qc7 9. h3 Nf8 10. Be3 g5 11. dxe5 dxe5 12. Nxe5 Qxe5 13. Bd4 Qf4 14. e5 Be6 15.
g3 Qf5 16. exf6 Bd6 17. Bb6 Be5 18. Nb5 Qxf6 19. Rxe5 1-0

[Event "Northumbria Masters IM"]
[Site "Newcastle"]
[Date "2021.08.30"]
[Round "8.4"]
[White "Han, Yichen"]
[Black "Claridge-Hansen, William"]
[Result "1-0"]
[WhiteElo "2307"]
[BlackElo "2290"]
[PlyCount "111"]
[EventDate "2021.08.26"]
[EventType "tourn"]
[EventRounds "9"]
[EventCountry "ENG"]
[EventCategory "2"]
[SourceTitle "The Week in Chess 1399"]
[Source "Mark Crowther"]
[SourceDate "2021.08.30"]
[SourceVersion "1"]
[SourceVersionDate "2021.08.30"]
[SourceQuality "2"]

1. e4 c5 2. Nf3 e6 3. d4 cxd4 4. Nxd4 Nf6 5. Nc3 Nc6 6. Ndb5 Bc5 7. Bf4 O-O 8.
Bc7 Qe7 9. Bd6 Bxd6 10. Qxd6 Qd8 11. Nc7 Rb8 12. Be2 b5 13. e5 Ne8 14. Nxe8
Rxe8 15. O-O b4 16. Ne4 Rb6 17. f4 Ne7 18. Qd2 Qc7 19. Rad1 Ba6 20. Bxa6 Rxa6
21. Qxd7 Qxd7 22. Rxd7 Nd5 23. f5 Rxa2 24. fxe6 fxe6 25. Rff7 Ra1+ 26. Kf2 Rf8
27. Nf6+ Nxf6 28. Rxg7+ Kh8 29. exf6 Rxf6+ 30. Ke2 Rg6 31. Rxh7+ Kg8 32. g3 Ra2
33. Rxa7 Rxb2 34. Rhc7 Rf6 35. Rab7 Rb1 36. Rc4 Rh1 37. Rg4+ Kf8 38. Rh4 Kg8
39. Rbxb4 e5 40. c4 Rff1 41. Kd3 Kf7 42. Ke4 Re1+ 43. Kd5 Kf6 44. c5 Rc1 45.
Rbc4 Rhd1+ 46. Kc6 Rb1 47. Kc7 Ke6 48. c6 Rf1 49. Rb4 Rbc1 50. Kb6 Rf6 51. Rhc4
Rxc4 52. Rxc4 Kd5 53. Rc5+ Kd4 54. Rc1 e4 55. Kb7 e3 56. c7 1-0

[Event "Northumbria Masters IM"]
[Site "Newcastle"]
[Date "2021.08.30"]
[Round "8.5"]
[White "Muir, Andrew Joseph"]
[Black "Urh, Zala"]
[Result "0-1"]
[WhiteElo "2259"]
[BlackElo "2216"]
[PlyCount "76"]
[EventDate "2021.08.26"]
[EventType "tourn"]
[EventRounds "9"]
[EventCountry "ENG"]
[EventCategory "2"]
[SourceTitle "The Week in Chess 1399"]
[Source "Mark Crowther"]
[SourceDate "2021.08.30"]
[SourceVersion "1"]
[SourceVersionDate "2021.08.30"]
[SourceQuality "2"]

1. d4 Nf6 2. c4 e6 3. Nc3 Bb4 4. e3 O-O 5. Bd3 d5 6. a3 Bxc3+ 7. bxc3 dxc4 8.
Bxc4 c5 9. Ne2 Qc7 10. Ba2 Nc6 11. O-O b6 12. Bb2 Ba6 13. Rc1 Rfd8 14. c4 cxd4
15. exd4 b5 16. d5 bxc4 17. Bxf6 Rxd5 18. Qa4 Ra5 19. Qc2 gxf6 20. Bxc4 Rc5 21.
Qe4 f5 22. Qh4 Bxc4 23. Rxc4 Ne7 24. Rxc5 Qxc5 25. Ng3 Ng6 26. Qg5 Qe7 27. Qh6
Qf8 28. Qg5 h6 29. Qf6 Qd8 30. Qa1 f4 31. Rd1 Qb6 32. Ne4 e5 33. Rd6 Qb3 34. h4
Rb8 35. h5 Qc2 36. Rxg6+ fxg6 37. Qxe5 Qd1+ 38. Kh2 Qxh5+ 0-1

[Event "Northumbria Masters IM"]
[Site "Newcastle"]
[Date "2021.08.30"]
[Round "9.1"]
[White "Urh, Zala"]
[Black "Moreby, James E"]
[Result "1/2-1/2"]
[WhiteElo "2216"]
[BlackElo "2283"]
[PlyCount "73"]
[EventDate "2021.08.26"]
[EventType "tourn"]
[EventRounds "9"]
[EventCountry "ENG"]
[EventCategory "2"]
[SourceTitle "The Week in Chess 1399"]
[Source "Mark Crowther"]
[SourceDate "2021.08.30"]
[SourceVersion "1"]
[SourceVersionDate "2021.08.30"]
[SourceQuality "2"]

1. d4 Nf6 2. c4 c6 3. Nc3 d5 4. cxd5 cxd5 5. Bf4 a6 6. e3 e6 7. Bd3 Be7 8. h3
b5 9. a3 Bb7 10. Nf3 Nbd7 11. O-O O-O 12. Qe2 Ne4 13. Rfc1 Rc8 14. Qe1 f5 15.
Ne5 Nb6 16. f3 Nd6 17. b3 Ne8 18. Ne2 Rxc1 19. Qxc1 Qa8 20. a4 bxa4 21. bxa4 a5
22. Bb5 Ba6 23. Qc6 Qxc6 24. Nxc6 Bxb5 25. Nxe7+ Kf7 26. axb5 Kxe7 27. Rxa5 Nf6
28. Ra7+ Nfd7 29. Bc7 Kf6 30. Ra6 Na8 31. b6 Nxc7 32. bxc7 Rc8 33. Nf4 Nf8 34.
Rc6 Ke7 35. Nd3 Kd7 36. Ne5+ Ke7 37. Nd3 1/2-1/2

[Event "Northumbria Masters IM"]
[Site "Newcastle"]
[Date "2021.08.30"]
[Round "9.2"]
[White "Claridge-Hansen, William"]
[Black "Muir, Andrew Joseph"]
[Result "1/2-1/2"]
[WhiteElo "2290"]
[BlackElo "2259"]
[PlyCount "36"]
[EventDate "2021.08.26"]
[EventType "tourn"]
[EventRounds "9"]
[EventCountry "ENG"]
[EventCategory "2"]
[SourceTitle "The Week in Chess 1399"]
[Source "Mark Crowther"]
[SourceDate "2021.08.30"]
[SourceVersion "1"]
[SourceVersionDate "2021.08.30"]
[SourceQuality "2"]

1. c4 e6 2. g3 d5 3. Bg2 Nf6 4. Nf3 dxc4 5. Qa4+ Nbd7 6. Qxc4 c5 7. a4 b6 8.
Nd4 Ne5 9. Qb3 Rb8 10. Nc6 Nxc6 11. Bxc6+ Bd7 12. Bg2 a6 13. d3 Bd6 14. Nc3 O-O
15. O-O Qc7 16. Be3 Bc6 17. Rfc1 Bxg2 18. Kxg2 Rfc8 1/2-1/2

[Event "Northumbria Masters IM"]
[Site "Newcastle"]
[Date "2021.08.30"]
[Round "9.3"]
[White "McKay, Roderick M"]
[Black "Han, Yichen"]
[Result "0-1"]
[WhiteElo "2258"]
[BlackElo "2307"]
[PlyCount "60"]
[EventDate "2021.08.26"]
[EventType "tourn"]
[EventRounds "9"]
[EventCountry "ENG"]
[EventCategory "2"]
[SourceTitle "The Week in Chess 1399"]
[Source "Mark Crowther"]
[SourceDate "2021.08.30"]
[SourceVersion "1"]
[SourceVersionDate "2021.08.30"]
[SourceQuality "2"]

1. d4 d5 2. c4 c6 3. Nf3 Nf6 4. Nc3 e6 5. Bg5 Nbd7 6. cxd5 exd5 7. e3 Be7 8.
Qc2 O-O 9. Bd3 Re8 10. O-O-O h6 11. Bxf6 Nxf6 12. Kb1 Bd6 13. h3 Qa5 14. g4 Bb4
15. Ne2 Ne4 16. Rh2 Be6 17. Nc1 Rac8 18. Nb3 Qb6 19. Rg2 a5 20. Rc1 c5 21. dxc5
Nxc5 22. Nbd4 Ne4 23. Qd1 Rc3 24. Rc2 Rxc2 25. Qc1 Rcc8 26. Qd1 Rc1+ 27. Qxc1
Rc8 28. Qd1 Bc3 29. Qb3 Bxd4 30. exd4 Qxd4 0-1

[Event "Northumbria Masters IM"]
[Site "Newcastle"]
[Date "2021.08.30"]
[Round "9.4"]
[White "Large, Peter G"]
[Black "Willow, Jonah B"]
[Result "1/2-1/2"]
[WhiteElo "2335"]
[BlackElo "2396"]
[PlyCount "155"]
[EventDate "2021.08.26"]
[EventType "tourn"]
[EventRounds "9"]
[EventCountry "ENG"]
[EventCategory "2"]
[SourceTitle "The Week in Chess 1399"]
[Source "Mark Crowther"]
[SourceDate "2021.08.30"]
[SourceVersion "1"]
[SourceVersionDate "2021.08.30"]
[SourceQuality "2"]

1. e4 c5 2. Nf3 g6 3. d4 cxd4 4. Nxd4 Nc6 5. Nc3 Bg7 6. Be3 Nf6 7. Bc4 O-O 8.
Bb3 Re8 9. O-O d6 10. h3 Na5 11. Qd3 b6 12. Bd5 Nxd5 13. exd5 e5 14. dxe6 Bxe6
15. Nxe6 fxe6 16. Bd4 d5 17. Bxg7 Kxg7 18. Rae1 Qf6 19. Nd1 Rac8 20. c3 Nc4 21.
Re2 Rc5 22. Ne3 Nxe3 23. Rxe3 Qf5 24. Qd2 Qf4 25. Rfe1 Rc6 26. g3 Qc4 27. a3 a5
28. h4 Qg4 29. Re5 Rf8 30. h5 h6 31. hxg6 Rf6 32. Qe3 Qxg6 33. Kg2 Qf7 34. Rh1
Rc4 35. Reh5 d4 36. Qe5 Rc5 37. Qe2 Rxh5 38. Rxh5 d3 39. Qg4+ Kf8 40. Qd4 d2
41. Rh1 Qb7+ 42. Kh2 Qf3 43. Qxd2 Qxf2+ 44. Qxf2 Rxf2+ 45. Kg1 Rxb2 46. Rxh6
Ke7 47. Rh7+ Kd6 48. Rf7 Rb3 49. Rf3 Rxa3 50. g4 Ra4 51. Rg3 Rf4 52. g5 Ke7 53.
g6 Rf8 54. c4 Rg8 55. Kf2 Kf6 56. Rb3 Rb8 57. Ke3 Kxg6 58. Rb5 a4 59. c5 a3 60.
cxb6 a2 61. Ra5 Rxb6 62. Rxa2 Kf5 63. Ra3 Rb2 64. Kf3 Rh2 65. Kg3 Rh8 66. Kf2
Rh4 67. Rb3 e5 68. Ra3 Rh7 69. Rb3 Ke4 70. Ke2 Rh2+ 71. Ke1 Kd4 72. Ra3 Rb2 73.
Kd1 Kc4 74. Ke1 Rc2 75. Kd1 Rc3 76. Rxc3+ Kxc3 77. Ke2 Kd4 78. Kd2 1/2-1/2

[Event "Northumbria Masters IM"]
[Site "Newcastle"]
[Date "2021.08.30"]
[Round "9.5"]
[White "Gourlay, Iain"]
[Black "Grieve, Harry"]
[Result "1/2-1/2"]
[WhiteElo "2342"]
[BlackElo "2282"]
[PlyCount "85"]
[EventDate "2021.08.26"]
[EventType "tourn"]
[EventRounds "9"]
[EventCountry "ENG"]
[EventCategory "2"]
[SourceTitle "The Week in Chess 1399"]
[Source "Mark Crowther"]
[SourceDate "2021.08.30"]
[SourceVersion "1"]
[SourceVersionDate "2021.08.30"]
[SourceQuality "2"]

1. c4 f5 2. Nf3 Nf6 3. g3 g6 4. Bg2 Bg7 5. O-O O-O 6. Nc3 d6 7. Rb1 e5 8. d3
Nc6 9. b4 h6 10. b5 Ne7 11. c5 Be6 12. Ba3 g5 13. cxd6 cxd6 14. Nd2 d5 15. Qb3
Kf7 16. b6 axb6 17. Bxe7 Kxe7 18. Qxb6 Qxb6 19. Rxb6 e4 20. Rxb7+ Nd7 21. Nb5
Rxa2 22. Nb3 Rb2 23. Na7 Ra8 24. Nc6+ Kd6 25. Rc1 Rc8 26. Nba5 Ra2 27. Rbb1 Bb2
28. Nb7+ Kc7 29. Ncd8+ Bxc1 30. Nxe6+ Kc6 31. Nd4+ Kc7 32. Ne6+ Kb8 33. Nd6+
Rb2 34. Rxb2+ Bxb2 35. Nxc8 Kxc8 36. g4 exd3 37. exd3 fxg4 38. Bxd5 Ne5 39. d4
Nf3+ 40. Kg2 Nxd4 41. Nxd4 Bxd4 42. Be6+ Kd8 43. Bxg4 1/2-1/2

[Event "Northumbria Masters Open"]
[Site "Newcastle"]
[Date "2021.08.26"]
[Round "1.1"]
[White "Gormally, Daniel W"]
[Black "Thomson, Neil"]
[Result "1-0"]
[WhiteElo "2479"]
[BlackElo "1960"]
[PlyCount "53"]
[EventDate "2021.08.26"]
[EventType "swiss"]
[EventRounds "9"]
[EventCountry "ENG"]
[SourceTitle "The Week in Chess 1399"]
[Source "Mark Crowther"]
[SourceDate "2021.08.30"]
[SourceVersion "1"]
[SourceVersionDate "2021.08.30"]
[SourceQuality "2"]

1. e4 g6 2. d4 Bg7 3. Nc3 d6 4. Be3 a6 5. Qd2 b5 6. f3 Bb7 7. O-O-O Nd7 8. g4
Rc8 9. Kb1 c5 10. g5 b4 11. Nce2 Qc7 12. c4 Nb6 13. Rc1 h6 14. gxh6 Nxh6 15.
Ng3 a5 16. Nh3 Ng8 17. Ng5 Nf6 18. h4 Ba6 19. Be2 Nfd7 20. h5 d5 21. Bf4 e5 22.
dxe5 dxc4 23. e6 Ne5 24. exf7+ Ke7 25. hxg6 Na4 26. Nf5+ Kf6 27. Qd5 1-0

[Event "Northumbria Masters Open"]
[Site "Newcastle"]
[Date "2021.08.26"]
[Round "1.2"]
[White "De Coverly, Roger D"]
[Black "Petrov, Marian"]
[Result "0-1"]
[WhiteElo "1954"]
[BlackElo "2457"]
[PlyCount "98"]
[EventDate "2021.08.26"]
[EventType "swiss"]
[EventRounds "9"]
[EventCountry "ENG"]
[SourceTitle "The Week in Chess 1399"]
[Source "Mark Crowther"]
[SourceDate "2021.08.30"]
[SourceVersion "1"]
[SourceVersionDate "2021.08.30"]
[SourceQuality "2"]

1. e4 c5 2. Nc3 Nc6 3. g3 g6 4. Bg2 Bg7 5. d3 e6 6. f4 d6 7. Nf3 Nge7 8. O-O
O-O 9. Bd2 Rb8 10. a3 b5 11. Rb1 a5 12. a4 b4 13. Nb5 Nd4 14. c4 Nxb5 15. axb5
Bb7 16. Nh4 d5 17. Qe2 Nc8 18. Be3 d4 19. Bf2 a4 20. g4 Nb6 21. Bg3 Ra8 22. e5
Bxg2 23. Qxg2 Ra7 24. f5 Qa8 25. Qh3 exf5 26. gxf5 Qc8 27. Qg2 Re8 28. e6 fxe6
29. fxg6 h6 30. Rf7 Rxf7 31. gxf7+ Kxf7 32. Rf1+ Kg8 33. Bf4 Rf8 34. Ng6 Rf7
35. Ne5 Rf6 36. Rf3 Qf8 37. Ng6 Qa8 38. Ne7+ Kh7 39. Nc6 Rg6 40. Rg3 Rxg3 41.
hxg3 a3 42. bxa3 bxa3 43. Qa2 Qa4 44. Kg2 e5 45. Bc1 e4 46. dxe4 Nxc4 47. Qf2
Nd6 48. e5 Qxb5 49. Qc2+ d3 0-1

[Event "Northumbria Masters Open"]
[Site "Newcastle"]
[Date "2021.08.26"]
[Round "1.3"]
[White "Clarke, Brandon G I"]
[Black "Stoica, Savas Marin"]
[Result "1-0"]
[WhiteElo "2429"]
[BlackElo "1954"]
[PlyCount "107"]
[EventDate "2021.08.26"]
[EventType "swiss"]
[EventRounds "9"]
[EventCountry "ENG"]
[SourceTitle "The Week in Chess 1399"]
[Source "Mark Crowther"]
[SourceDate "2021.08.30"]
[SourceVersion "1"]
[SourceVersionDate "2021.08.30"]
[SourceQuality "2"]

1. e4 e5 2. Nf3 Nc6 3. Bb5 a6 4. Ba4 Nf6 5. O-O Be7 6. Re1 b5 7. Bb3 O-O 8. c3
d5 9. exd5 Nxd5 10. Nxe5 Nxe5 11. Rxe5 c6 12. d3 Bd6 13. Re1 Bf5 14. Qf3 Qh4
15. g3 Qh3 16. Bxd5 cxd5 17. Qxd5 Rad8 18. Qf3 Rfe8 19. Rxe8+ Rxe8 20. Be3 Bxd3
21. Nd2 Qe6 22. a3 h6 23. Bd4 Bf5 24. Be3 Bd3 25. Qc6 Be5 26. Qxe6 Rxe6 27. Nb3
Bc2 28. Nc5 Rc6 29. Rc1 Bf5 30. Rd1 Bd6 31. Nb7 Bc7 32. Bd4 f6 33. f3 Re6 34.
Kf2 h5 35. Nc5 Rc6 36. Rd2 Kf7 37. Be3 g5 38. Nb3 Be6 39. Nd4 Rd6 40. Nxe6
Rxd2+ 41. Bxd2 Kxe6 42. Ke2 Kd5 43. Kd3 Bd6 44. Bc1 g4 45. fxg4 hxg4 46. b3 Bc5
47. c4+ bxc4+ 48. bxc4+ Ke6 49. a4 f5 50. Be3 Bb4 51. Kd4 a5 52. c5 Be1 53. Kc4
Kd7 54. Kd5 1-0

[Event "Northumbria Masters Open"]
[Site "Newcastle"]
[Date "2021.08.26"]
[Round "1.4"]
[White "Rathbone-Jones, Ifan"]
[Black "Arkell, Keith C"]
[Result "0-1"]
[WhiteElo "1941"]
[BlackElo "2382"]
[PlyCount "108"]
[EventDate "2021.08.26"]
[EventType "swiss"]
[EventRounds "9"]
[EventCountry "ENG"]
[SourceTitle "The Week in Chess 1399"]
[Source "Mark Crowther"]
[SourceDate "2021.08.30"]
[SourceVersion "1"]
[SourceVersionDate "2021.08.30"]
[SourceQuality "2"]

1. d4 Nf6 2. Nf3 e6 3. c4 Bb4+ 4. Bd2 Bxd2+ 5. Nbxd2 d6 6. e4 Qe7 7. Qc2 e5 8.
Be2 O-O 9. O-O Bg4 10. Rfe1 a5 11. Rad1 Nc6 12. d5 Nb4 13. Qb1 a4 14. Nf1 Bxf3
15. Bxf3 Nd7 16. Ng3 Nc5 17. Re3 g6 18. Rde1 Qg5 19. Bd1 Kh8 20. a3 Nba6 21.
Bc2 Nb8 22. Nf1 Nbd7 23. Rh3 Nf6 24. Rg3 Qh6 25. Rh3 Qg7 26. Bd1 Ng8 27. Ng3
Ne7 28. Bc2 Rab8 29. Qd1 b5 30. b4 axb3 31. Bxb3 bxc4 32. Bxc4 f5 33. a4 Rb4
34. Bb5 fxe4 35. Qc2 Nxd5 36. Nxe4 Nxe4 37. Rxe4 Rxe4 38. Qxe4 Nf4 39. Ra3 d5
40. Qc2 Qe7 41. Rc3 Rf7 42. Qb2 c5 43. a5 c4 44. a6 Nd3 45. Rxd3 cxd3 46. Bxd3
Kg7 47. g3 Qf6 48. Bb5 d4 49. Bc4 Rc7 50. Bd5 Qxa6 51. Qb8 Rc1+ 52. Kg2 Qf1+
53. Kf3 Qh1+ 54. Kg4 Qxd5 0-1

[Event "Northumbria Masters Open"]
[Site "Newcastle"]
[Date "2021.08.26"]
[Round "1.5"]
[White "Wells, Peter K"]
[Black "Izod, Chris"]
[Result "1-0"]
[WhiteElo "2381"]
[BlackElo "1924"]
[PlyCount "59"]
[EventDate "2021.08.26"]
[EventType "swiss"]
[EventRounds "9"]
[EventCountry "ENG"]
[SourceTitle "The Week in Chess 1399"]
[Source "Mark Crowther"]
[SourceDate "2021.08.30"]
[SourceVersion "1"]
[SourceVersionDate "2021.08.30"]
[SourceQuality "2"]

1. d4 Nf6 2. c4 e6 3. Nf3 d5 4. g3 Be7 5. Bg2 O-O 6. O-O dxc4 7. Qc2 b6 8. Bg5
Nd5 9. h4 f6 10. Bd2 b5 11. a4 b4 12. e4 Nb6 13. a5 N6d7 14. Qxc4 Kh8 15. Rc1
Na6 16. Qc6 Rb8 17. Bf1 Bb7 18. Qxe6 Bd6 19. Bb5 Bc8 20. Qc4 Rxb5 21. Qxb5 c5
22. Be3 Qc7 23. Nbd2 Bb7 24. dxc5 Ndxc5 25. Bxc5 Nxc5 26. Nd4 Rc8 27. a6 Ba8
28. Ne6 Qe7 29. Nxc5 Bxc5 30. Ra5 1-0

[Event "Northumbria Masters Open"]
[Site "Newcastle"]
[Date "2021.08.26"]
[Round "1.6"]
[White "Pink, Joshua"]
[Black "Bradbury, Neil H"]
[Result "0-1"]
[WhiteElo "1924"]
[BlackElo "2297"]
[PlyCount "126"]
[EventDate "2021.08.26"]
[EventType "swiss"]
[EventRounds "9"]
[EventCountry "ENG"]
[SourceTitle "The Week in Chess 1399"]
[Source "Mark Crowther"]
[SourceDate "2021.08.30"]
[SourceVersion "1"]
[SourceVersionDate "2021.08.30"]
[SourceQuality "2"]

1. e4 e5 2. Nf3 Nc6 3. Bc4 Bc5 4. c3 Nf6 5. d4 exd4 6. cxd4 Bb4+ 7. Nc3 d5 8.
exd5 Nxd5 9. O-O Be6 10. Bg5 Be7 11. Nxd5 Bxd5 12. Bxd5 Qxd5 13. Bxe7 Kxe7 14.
Re1+ Kf8 15. Qe2 g6 16. Rac1 Kg7 17. Rc5 Qd6 18. Qc4 Rhe8 19. Ne5 Re7 20. Rd5
Qb4 21. Qxb4 Nxb4 22. Rb5 Nc2 23. Rd1 Rd8 24. Kf1 c6 25. Rc5 Rxd4 26. Rxd4 Nxd4
27. Nd3 b6 28. Rc4 Rd7 29. b4 Rd6 30. Ke1 Nf3+ 31. Ke2 Rxd3 32. gxf3 Ra3 33.
Rxc6 Rxa2+ 34. Ke3 Ra4 35. Rc7 a6 36. Ra7 b5 37. Ke2 h5 38. Kf1 Kf6 39. Kg2 Ke6
40. Kg3 f6 41. Ra8 Kf5 42. Ra7 g5 43. Ra8 h4+ 44. Kg2 Kf4 45. h3 f5 46. Ra7
Rxb4 47. Rxa6 Rb3 48. Rb6 b4 49. Rb5 Rb2 50. Rb8 Rb1 51. Rb5 b3 52. Rb8 Ke5 53.
Rb5+ Kd4 54. f4 g4 55. hxg4 fxg4 56. f5 h3+ 57. Kh2 Rf1 58. Rxb3 Rxf2+ 59. Kg1
Rg2+ 60. Kf1 Ke5 61. Rb5+ Kf6 62. Ra5 Rb2 63. Kg1 g3 0-1

[Event "Northumbria Masters Open"]
[Site "Newcastle"]
[Date "2021.08.26"]
[Round "1.7"]
[White "Basman, Michael J"]
[Black "Shepley, Julien M"]
[Result "1-0"]
[WhiteElo "2289"]
[BlackElo "1913"]
[PlyCount "65"]
[EventDate "2021.08.26"]
[EventType "swiss"]
[EventRounds "9"]
[EventCountry "ENG"]
[SourceTitle "The Week in Chess 1399"]
[Source "Mark Crowther"]
[SourceDate "2021.08.30"]
[SourceVersion "1"]
[SourceVersionDate "2021.08.30"]
[SourceQuality "2"]

1. g4 d6 2. Bg2 e5 3. c4 g6 4. Nc3 Bg7 5. d3 Ne7 6. h3 Nbc6 7. f4 h5 8. g5 h4
9. Nf3 Nf5 10. e4 Ng3 11. Rg1 exf4 12. Bxf4 Nd4 13. Qd2 Nxf3+ 14. Bxf3 Bxh3 15.
O-O-O Qd7 16. Kb1 O-O-O 17. Qf2 Kb8 18. Nb5 b6 19. d4 Bg4 20. Nc3 Bxf3 21. Qxf3
Qc6 22. Bxg3 hxg3 23. Qxf7 Rhg8 24. Rxg3 Rdf8 25. Qe6 Re8 26. Qg4 Qxc4 27. Nd5
Bxd4 28. Rc1 Qb5 29. Rb3 Qa5 30. Qd7 Rc8 31. Ne7 c5 32. Qxd6+ Kb7 33. Qd5+ 1-0

[Event "Northumbria Masters Open"]
[Site "Newcastle"]
[Date "2021.08.26"]
[Round "1.8"]
[White "Gibbs, Dominic"]
[Black "Olson, Hamish"]
[Result "0-1"]
[WhiteElo "1904"]
[BlackElo "2246"]
[PlyCount "104"]
[EventDate "2021.08.26"]
[EventType "swiss"]
[EventRounds "9"]
[EventCountry "ENG"]
[SourceTitle "The Week in Chess 1399"]
[Source "Mark Crowther"]
[SourceDate "2021.08.30"]
[SourceVersion "1"]
[SourceVersionDate "2021.08.30"]
[SourceQuality "2"]

1. e4 e5 2. Nf3 Nc6 3. Bb5 Nf6 4. Qe2 d6 5. c3 Be7 6. O-O O-O 7. Rd1 Bg4 8. h3
Bxf3 9. Qxf3 Nb8 10. d4 Nbd7 11. Be3 c6 12. Bd3 b5 13. Nd2 Re8 14. Nf1 Bf8 15.
Bg5 h6 16. Bh4 Qb6 17. Bc2 c5 18. d5 Be7 19. Ne3 g6 20. g4 Reb8 21. Kg2 Qd8 22.
Bg3 Nh7 23. Qe2 Bh4 24. Bh2 c4 25. Rf1 Qe7 26. a4 a6 27. axb5 axb5 28. Rxa8
Rxa8 29. b3 cxb3 30. Bxb3 Nc5 31. Bc2 Ra2 32. Qxb5 Bg5 33. Qb1 Qa7 34. Nc4 Ra6
35. f4 exf4 36. h4 Bxh4 37. Bxf4 Qd7 38. Bd1 Kg7 39. e5 dxe5 40. Nxe5 Qxd5+ 41.
Kh3 Bf6 42. Bf3 Qa2 43. Qb8 Ne6 44. Bxh6+ Kxh6 45. Nxf7+ Kg7 46. Qh8+ Kxf7 47.
Qxh7+ Kf8 48. Qh6+ Ke7 49. Bb7 Ng5+ 50. Kg3 Be5+ 51. Rf4 Bxf4+ 52. Kxf4 Qf2+
0-1

[Event "Northumbria Masters Open"]
[Site "Newcastle"]
[Date "2021.08.26"]
[Round "1.9"]
[White "Mosnegutu, Klauss"]
[Black "Ortiz Sanchez, Luis"]
[Result "1-0"]
[WhiteElo "2235"]
[BlackElo "1899"]
[PlyCount "119"]
[EventDate "2021.08.26"]
[EventType "swiss"]
[EventRounds "9"]
[EventCountry "ENG"]
[SourceTitle "The Week in Chess 1399"]
[Source "Mark Crowther"]
[SourceDate "2021.08.30"]
[SourceVersion "1"]
[SourceVersionDate "2021.08.30"]
[SourceQuality "2"]

1. d4 d6 2. c4 e5 3. dxe5 dxe5 4. Qxd8+ Kxd8 5. Nc3 c6 6. f4 Bd6 7. fxe5 Bxe5
8. Nf3 Bxc3+ 9. bxc3 Be6 10. e4 Nf6 11. Bg5 h6 12. Bh4 Ke8 13. e5 Ne4 14. O-O-O
Nd7 15. Nd4 Ndc5 16. Kc2 g5 17. Be1 Rd8 18. Be2 h5 19. Rf1 Rd7 20. Bf2 Nxf2 21.
Rxf2 Rh7 22. Re1 Ne4 23. Rff1 Nc5 24. h3 h4 25. Rf6 Ne4 26. Rf3 Nc5 27. Ref1 a6
28. Nxe6 Nxe6 29. Rf5 Ke7 30. Bg4 Rc7 31. R1f3 Rg7 32. Bh5 Nf4 33. Bg4 Nxg2 34.
Kb3 Nf4 35. Rf6 b6 36. Rf1 Nd3 37. R6f5 Nc5+ 38. Kc2 Ne4 39. Re1 Nc5 40. Rf6
Rg6 41. Rxg6 fxg6 42. Rf1 Ne4 43. Kd3 Nc5+ 44. Ke3 Na4 45. Rf6 Nxc3 46. Rxg6 b5
47. Rg7+ Kd8 48. Rg8+ Ke7 49. Rxg5 bxc4 50. Kd4 Nxa2 51. Kxc4 a5 52. Rg7+ Kd8
53. Rg8+ Ke7 54. Ra8 Nb4 55. Rxa5 Nd5 56. Kc5 Nf4 57. Kb6 Nd5+ 58. Rxd5 cxd5
59. Kxc7 d4 60. Kc6 1-0

[Event "Northumbria Masters Open"]
[Site "Newcastle"]
[Date "2021.08.26"]
[Round "1.10"]
[White "Faulkner, Martin J"]
[Black "Jones, Steven A"]
[Result "0-1"]
[WhiteElo "1874"]
[BlackElo "2234"]
[PlyCount "82"]
[EventDate "2021.08.26"]
[EventType "swiss"]
[EventRounds "9"]
[EventCountry "ENG"]
[SourceTitle "The Week in Chess 1399"]
[Source "Mark Crowther"]
[SourceDate "2021.08.30"]
[SourceVersion "1"]
[SourceVersionDate "2021.08.30"]
[SourceQuality "2"]

1. c4 e5 2. Nc3 Nf6 3. Nf3 Nc6 4. g3 d5 5. cxd5 Nxd5 6. Bg2 Nb6 7. O-O Be7 8.
a3 O-O 9. d3 Be6 10. b4 a5 11. b5 Nd4 12. Rb1 f6 13. Nd2 Qc8 14. e3 Nf5 15. Qe2
Rd8 16. h3 Rb8 17. Kh2 Qd7 18. Be4 Nd6 19. Bg2 Nf7 20. d4 exd4 21. exd4 Bf5 22.
Nce4 Qxd4 23. Re1 Bg6 24. Rb2 Qd3 25. Qxd3 Rxd3 26. Rc2 Rd7 27. Nb3 Nd6 28.
Nbc5 Rdd8 29. Ne6 Rdc8 30. Rce2 Nxb5 31. N4c5 c6 32. h4 Nc3 33. Rb2 Ncd5 34.
Bh3 Re8 35. Rbe2 Nc3 36. Re3 Nbd5 37. Nxg7 Kxg7 38. Nd7 Rbd8 39. Bb2 Nxe3 40.
Rxe3 Nd5 41. Rb3 b5 0-1